Т. 57, № 6; Российский химический журнал

Bibliografski detalji
Parent link:Российский химический журнал: научно-теоретический журнал по химии и химической технологии/ Российское химическое общество им. Д. И. Менделеева (РХО). Т. 57, № 6.— , 1992-
Jezik:ruski
Izdano: 2013
Format: MixedMaterials Knjiga
KOHA link:https://koha.lib.tpu.ru/cgi-bin/koha/opac-detail.pl?biblionumber=534354

MARC

LEADER 00000nam2a2200000 4500
001 534354
005 20231101113303.0
035 |a (RuTPU)RU\TPU\prd\222720 
090 |a 534354 
100 |a 20140922a19569999k y0rusy50 ca 
101 0 |a rus 
102 |a RU 
200 0 |a Т. 57, № 6 
210 |d 2013 
461 1 |0 (RuTPU)RU\TPU\prd\688  |t Российский химический журнал  |o научно-теоретический журнал по химии и химической технологии  |o ЖРХО им. Д. И. Менделеева  |f Российское химическое общество им. Д. И. Менделеева (РХО)  |v Т. 57, № 6  |d 1992- 
801 0 |a RU  |b 63413507  |c 20010227  |g PSBO 
801 1 |a RU  |b 63413507  |c 20140922 
801 2 |a RU  |b 63413507  |c 20230615  |g RCR 
942 |c BK 
999 |a НТБ_ТПУ  |b НФ  |e -1/20140109  |p П-6033  |s 3/20130508  |u 0,00  |v 1